00234nam a2200085Ia 4500001000800000005001700008008004100025245004900066260003300115130078420260420095910.0260420s9999 xx 000 0 und d 0aNASREDDİN HOCA HİKAYELERİcEMEL İPEK bÇOCUK GEZEGENİ YAYINLARI